Statistics for Metal Band Members

Click here to take the quiz!

General Stats

  • This quiz has been taken 41 times
    (27 since last reset)
  • The average score is 12 of 56

Answer Stats

GroupHintAnswer% Correct
MetallicaLead vocals, rhythm guitarJames Hetfield
84%
MetallicaDrums, percussionLars Ulrich
84%
MetallicaLead guitar, backing vocalsKirk Hammett
72%
SlipknotLead vocalsCorey Taylor
68%
Iron MaidenLead vocals, pianoBruce Dickinson
60%
MetallicaBass, backing vocalsRobert Trujillo
60%
KornLead vocals, bagpipes, programmingJonathan Davis
52%
KornDrums, percussionRay Luzier
48%
Judas PriestLead vocalsRob Halford
44%
SlipknotGuitarsMick Thomson
40%
SlipknotCustom percussion, backing vocalsShawn Crahan
36%
SlipknotGuitarsJim Root
32%
RammsteinLead vocals, harmonicaTill Lindemann
32%
Iron MaidenGuitars, keyboards, backing vocalsAdrian Smith
28%
KornGuitars, backing vocalsJames Shaffer
28%
KornBassReginald Arvizu
28%
SlipknotTurntables, keyboardsSid Wilson
28%
PrimusLead vocals, bass, double bassLes Claypool
24%
Iron MaidenBass, keyboards, backing vocalsSteve Harris
24%
KornGuitars, vocalsBrian Welch
20%
SlipknotKeyboards, samples, mediaCraig Jones
20%
RammsteinLead guitar, backing vocalsRichard Z. Kruspe
20%
Black Label SocietyLead vocals, lead guitar, pianoZakk Wylde
20%
SlipknotBass, piano, synthesiserAlessandro Venturella
16%
Iron MaidenGuitarsDave Murray
16%
Judas PriestLead guitar, piano, backing vocalsGlenn Tipton
16%
Judas PriestBassIan Hill
16%
GojiraDrums, backing vocalsMario Duplantier
16%
SlipknotCustom percussion, backing vocalsMichael Pfaff
16%
Iron MaidenDrumsNicko McBrain
16%
MeshuggahBassDick Lövgren
12%
MeshuggahLead guitar, backing vocalsFredrik Thordendal
12%
Iron MaidenGuitarsJanick Gers
12%
SlipknotDrumsJay Weinberg
12%
MeshuggahLead vocalsJens Kidman
12%
GojiraLeads vocals, rhythm guitarJoe Duplantier
12%
PrimusGuitars, backing vocalsLarry LaLonde
12%
MeshuggahRhythm guitar, backing vocalsMårten Hagström
12%
MeshuggahDrums, spoken vocalsTomas Haake
12%
MastodonDrums, lead vocals, backing vocalsBrann Dailor
8%
RammsteinKeyboards, samples, synthesisers, trumpetChristian Lorenz
8%
RammsteinBassOliver Riedel
8%
RammsteinRhythm guitar, backing vocalsPaul Landers
8%
Judas PriestGuitarsRichie Faulkner
8%
Judas PriestDrumsScott Travis
8%
Judas PriestGuitarsAndy Sneap
4%
MastodonRhythm guitar, backing vocalsBill Kelliher
4%
MastodonLead guitar, lead vocals, backing vocalsBrent Hinds
4%
RammsteinDrums, percussionChristoph Schneider
4%
GojiraBassJean-Michel Labadie
4%
PrimusDrums, backing vocalsTim Alexander
4%
MastodonBass, keyboards, lead vocals, backing vocalsTroy Sanders
4%
GojiraLead guitarChristian Andreu
0%
Black Label SocietyRhythm guitar, backing vocalsDario Lorina
0%
Black Label SocietyDrumsJeff Fabb
0%
Black Label SocietyBass, backing vocalsJohn DeServio
0%

Score Distribution

Percentile by Number Answered

Percent of People with Each Score

Your Score History

You have not taken this quiz since the last reset